00938nam a2200253Ia 450000500170000000800410001702000150005805000210007310000330009424500850012726000360021230000180024833600110026633700140027733800140029150000920030550400440039765000390044165000380048070000350051894200120055395201020056599900170066720231102151638.0120626t19952006mx ||||fr|||||||1|| spa d a970151233204aHF5549bR83 20061 aRue, Leslie W.eautor91518810aAdministración b : teoría y aplicacionesc / Leslie W. Rue, Lloyde L. Byars aMéxicob : Alfaomegac , 2006 a562 páginas atexto  asin medio avolúmen aEducación mixta Administración / Fundamentos de adminstración (B01) / (13 002761) acontiene índice de autores pp.547-55214aADMINISTRACIÓN DE PERSONAL9115724aADMINISTRACIÓN xESTUDIO910455 aByars, Lloyde L.eautor915189 cLB2ddc 00102lcc4070a13b13d0000-00-00l0oHF5549 R83 2006p13 002761r2014-02-19t1w2014-02-19yLB c92063d92063